Suspensiones de pagos, quiebras y moratorias : (Registro nro. 7908)
[ vista simple ]
| 000 -LEADER | |
|---|---|
| fixed length control field | 01066nam a2200217Ia 4500 |
| 003 - CONTROL NUMBER IDENTIFIER | |
| control field | OSt |
| 005 - DATE AND TIME OF LATEST TRANSACTION | |
| control field | 20210525144311.0 |
| 008 - FIXED-LENGTH DATA ELEMENTS--GENERAL INFORMATION | |
| fixed length control field | 210310s1950 sp gr 000 0 spa d |
| 040 ## - CATALOGING SOURCE | |
| Original cataloging agency | CO-JMCR |
| Transcribing agency | CO-JMCR |
| 041 0# - LANGUAGE CODE | |
| Language code of text/sound track or separate title | spa |
| 082 04 - DEWEY DECIMAL CLASSIFICATION NUMBER | |
| Classification number | 332.75075 / |
| Item number | G723S |
| Edition number | 23 |
| 100 1# - MAIN ENTRY--PERSONAL NAME | |
| Personal name | Goxens Duch, Antonio, |
| 9 (RLIN) | 15789 |
| Relator term | autor |
| 245 10 - TITLE STATEMENT | |
| Title | Suspensiones de pagos, quiebras y moratorias : |
| Remainder of title | estudio comercial, económico, contable y jurídico de sus orígenes y soluciones / |
| Statement of responsibility, etc. | Antonio Goxens Duch |
| 260 ## - PUBLICATION, DISTRIBUTION, ETC. | |
| Place of publication, distribution, etc. | Madrid : |
| Name of publisher, distributor, etc. | Aguilar, |
| Date of publication, distribution, etc. | 1950 |
| 300 ## - PHYSICAL DESCRIPTION | |
| Extent | XVII, 444 páginas ; |
| Dimensions | 24 cm. |
| 500 ## - GENERAL NOTE | |
| General note | Incluye notas a pie de página. |
| 505 0# - FORMATTED CONTENTS NOTE | |
| Formatted contents note | Nociones previas de administración y de contabilidad -- Causas, síntomas y soluciones -- Revisión de la contabilidad y del negocio -- Moratorias y acuerdos particulares -- Soluciones judiciales -- Liquidación de negocios -- De la moral comercial -- Misión de los técnicos titulados -- Disposiciones legales -- Formularios |
| 650 14 - SUBJECT ADDED ENTRY--TOPICAL TERM | |
| Topical term or geographic name entry element | Quiebra (Derecho mercantil) |
| 9 (RLIN) | 15791 |
| 651 #4 - SUBJECT ADDED ENTRY--GEOGRAPHIC NAME | |
| Geographic name | España |
| General subdivision | Banca rota |
| 9 (RLIN) | 37874 |
| 942 ## - ADDED ENTRY ELEMENTS (KOHA) | |
| Source of classification or shelving scheme | Dewey Decimal Classification |
| Koha item type | Books |
| Withdrawn status | Lost status | Source of classification or shelving scheme | Damaged status | Not for loan | Collection code | Home library | Current library | Date acquired | Source of acquisition | Full call number | Barcode | Date last seen | Copy number | Koha item type |
|---|---|---|---|---|---|---|---|---|---|---|---|---|---|---|
| Dewey Decimal Classification | Non-fiction | Biblioteca Pública José María del Castillo y Rada | Biblioteca Pública José María del Castillo y Rada | 04/15/2018 | Donación | 332.75075 / G723S | 430003354 | 05/16/2024 | Ej.1 | Books |